Online
Catalog
Normal view MARC view

Entry Nombre geográfico

Number of records used in: 10

001 - NÚMERO DE CONTROL

  • campo de control: 85361

003 - IDENTIFICADOR DEL NÚMERO DE CONTROL

  • campo de control: BNPHU

005 - FECHA Y HORA DE LA ÚLTIMA TRANSACCIÓN

  • campo de control: 20240501180337.0

008 - DATOS DE LONGITUD FIJA

  • campo de control de longitud fija: 240501|| aca||aabn | a|a d

010 ## - NÚMERO DE CONTROL DE LA BIBLIOTECA DEL CONGRESO

  • Número de control de LC: n 79115515

040 ## - FUENTE DE LA CATALOGACIÓN

  • Centro catalogador/agencia de origen: DO-SdBNP
  • Lengua de catalogación: spa
  • Centro/agencia transcriptor: BNPHU
  • Normas de descripción: rda

043 ## - CÓDIGO DE ÁREA GEOGRÁFICA

  • Código de área geográfica: nwdr---

151 ## - ENCABEZAMIENTO--NOMBRE GEOGRÁFICO

  • Nombre geográfico: Santo Domingo (República Dominicana)

368 ## - OTROS ATRIBUTOS DE PERSONA O ENTIDAD CORPORATIVA

  • Fuente: Lemb
  • Tipo de jurisdicción: Ciudades y pueblos
  • Tipo de jurisdicción: Ciudades capitales

370 ## - LUGAR ASOCIADO

  • País asociado: República Dominicana

451 0# - TRAZADO DE VÉASE--NOMBRE GEOGRÁFICO

  • Nombre geográfico: Santo Domingo (Dominican Republic)

451 ## - TRAZADO DE VÉASE--NOMBRE GEOGRÁFICO

  • Nombre geográfico: Santo Domingo de Guzmán (República Dominicana)

451 ## - TRAZADO DE VÉASE--NOMBRE GEOGRÁFICO

  • Nombre geográfico: Saint-Domingue (República Dominicana)

551 ## - TRAZADO DE VÉASE ADEMÁS--NOMBRE GEOGRÁFICO

  • Nombre geográfico: Ciudad Trujillo (República Dominicana)

781 ## - ENTRADA DE ENLACE DE SUBDIVISIÓN--SUBDIVISIÓN GEOGRÁFICA

  • Subdivisión geográfica: República Dominicana
  • Subdivisión geográfica: Santo Domingo

Powered by Koha